000 00344 a2200157 4500
001 72518
020 _a8532252052
040 _cAnchieta - Colégio São Paulo
100 _aMachado, Ana Maria
240 1 0 _aDona Baratinha
_lpor
245 1 0 _aDona Baratinha
300 _a31
362 0 _a2004
650 4 _aLiteratura infantil
942 _cBK
999 _c72518
_d72518